[Event "Polanica Zdroj op-C 45th"]
[Site "Polanica Zdroj"]
[Date "2009.08.26"]
[Round "9"]
[White "Obrzud, Damian"]
[Black "Golaszewski, Marek"]
[Result "1-0"]
[WhiteElo "1854"]
[BlackElo "1720"]
[PlyCount "55"]
[EventDate "2009.08.18"]
[EventType "swiss"]
[EventRounds "9"]
[EventCountry "POL"]
[SourceTitle "CBM 132 Extra"]
[Source "ChessBase"]
[SourceDate "2009.11.03"]
[SourceVersion "1"]
[SourceVersionDate "2009.11.03"]
[SourceQuality "1"]

1. d4 d5 2. c4 e6 3. Nc3 Nf6 4. Bg5 Be7 5. e3 0-0 6. Nf3 Nbd7 7. a3 a6 8. b4 dxc4 9. Bxc4 b5 10. Be2 Bb7 11. 0-0 Ne4 12. Nxe4 Bxe4 13. Bxe7 Qxe7 14. Rc1 Nf6 15. Ne5 Nd5 16. Bd3 Bxd3 17. Qxd3 f6 18. Nc6 Qd6 19. Rc5 f5 20. Rfc1 Rf6 21. Ne5 Raf8 22. Rc6 Qd8 23. Rxa6 g5 24. Qxb5 Rh6 25. Qd7 Qxd7 26. Nxd7 Rd8 27. Nc5 Kf7 28. Ra7 1-0

[Event "Polanica Zdroj op-C 45th"]
[Site "Polanica Zdroj"]
[Date "2009.08.24"]
[Round "7"]
[White "Obrzud, Damian"]
[Black "Herman, Monika"]
[Result "1-0"]
[WhiteElo "1854"]
[BlackElo "1689"]
[PlyCount "87"]
[EventDate "2009.08.18"]
[EventType "swiss"]
[EventRounds "9"]
[EventCountry "POL"]
[SourceTitle "CBM 132 Extra"]
[Source "ChessBase"]
[SourceDate "2009.11.03"]
[SourceVersion "1"]
[SourceVersionDate "2009.11.03"]
[SourceQuality "1"]

1. d4 d5 2. c4 e6 3. Nc3 Nf6 4. Bg5 Be7 5. e3 h6 6. Bh4 Nbd7 7. a3 b6 8. cxd5 Nxd5 9. Bxe7 Qxe7 10. Nxd5 exd5 11. Bb5 0-0 12. Bc6 Rb8 13. Bxd5 Bb7 14. Bxb7 Rxb7 15. Qf3 Rbb8 16. Ne2 c5 17. 0-0 Rfd8 18. dxc5 Nxc5 19. Nd4 Qb7 20. Nc6 Nb3 21. Nxd8 Qxf3 22. gxf3 Nxa1 23. Nc6 Rb7 24. Rxa1 Rc7 25. Nd4 Kf8 26. b4 Ke7 27. Ra2 g6 28. Rc2 Rd7 29. Nc6+ Kf6 30. b5 h5 31. Rc4 Kg5 32. h4+ Kf5 33. Ra4 Rd1+ 34. Kg2 g5 35. hxg5 Kxg5 36. Nxa7 Rd2 37. Nc8 f5 38. Nxb6 h4 39. Nc4 h3+ 40. Kxh3 Rxf2 41. Kg3 Rc2 42. b6 Rc3 43. b7 Rb3 44. Rb4 1-0

[Event "Polanica Zdroj op-C 45th"]
[Site "Polanica Zdroj"]
[Date "2009.08.22"]
[Round "5"]
[White "Obrzud, Damian"]
[Black "Paszewski, Mateusz"]
[Result "1/2-1/2"]
[WhiteElo "1854"]
[BlackElo "1724"]
[PlyCount "71"]
[EventDate "2009.08.18"]
[EventType "swiss"]
[EventRounds "9"]
[EventCountry "POL"]
[SourceTitle "CBM 132 Extra"]
[Source "ChessBase"]
[SourceDate "2009.11.03"]
[SourceVersion "1"]
[SourceVersionDate "2009.11.03"]
[SourceQuality "1"]

1. b4 d5 2. Bb2 e6 3. e3 f5 4. Be2 Nf6 5. a3 Bd6 6. Nf3 0-0 7. d4 Nbd7 8. c4 c6 9. Nc3 Qe8 10. 0-0 h6 11. Rc1 Ne4 12. cxd5 exd5 13. b5 Ndf6 14. bxc6 bxc6 15. Na4 Rb8 16. Qc2 f4 17. Ne5 fxe3 18. fxe3 Bxe5 19. dxe5 Ng4 20. Bxg4 Bxg4 21. Rf4 Bd7 22. Rcf1 Qe7 23. Bd4 g5 24. Rxf8+ Rxf8 25. Rxf8+ Qxf8 26. Nc5 Nxc5 27. Bxc5 Qe8 28. Bd4 a6 29. Qd3 Bc8 30. Qb3 Qe6 31. Qb6 Kf7 32. Qc7+ Kg6 33. Qd8 Kg7 34. h3 Kg6 35. Kf2 Kf5 36. Kg1 1/2-1/2

[Event "Polanica Zdroj op-C 45th"]
[Site "Polanica Zdroj"]
[Date "2009.08.20"]
[Round "3"]
[White "Obrzud, Damian"]
[Black "Litwin, Barbara"]
[Result "1-0"]
[WhiteElo "1854"]
[BlackElo "1789"]
[PlyCount "87"]
[EventDate "2009.08.18"]
[EventType "swiss"]
[EventRounds "9"]
[EventCountry "POL"]
[SourceTitle "CBM 132 Extra"]
[Source "ChessBase"]
[SourceDate "2009.11.03"]
[SourceVersion "1"]
[SourceVersionDate "2009.11.03"]
[SourceQuality "1"]

1. b4 d5 2. Bb2 Nf6 3. e3 e6 4. a3 Bd6 5. d4 Nbd7 6. c4 c6 7. Nf3 0-0 8. Nbd2 Qe7 9. Bd3 e5 10. dxe5 Nxe5 11. Be2 Bf5 12. 0-0 Ne4 13. cxd5 cxd5 14. Nb3 Rad8 15. Qd4 Nxf3+ 16. Bxf3 Qg5 17. Nc5 Be7 18. Ra2 b6 19. Nb3 Qh6 20. g3 Bf6 21. Qd1 Ng5 22. Bxf6 Qxf6 23. Bg2 Be4 24. Nd4 Qd6 25. Qg4 Bxg2 26. Kxg2 Qf6 27. Rc2 g6 28. Rc6 Qe7 29. Rfc1 Ne4 30. Qf4 Nd6 31. Rc7 Rd7 32. Nc6 Qe8 33. Nxa7 Nc4 34. Nb5 Rxc7 35. Nxc7 Qc6 36. b5 Qb7 37. Rd1 Rd8 38. e4 d4 39. Nd5 Nxa3 40. Rxd4 Rc8 41. Nf6+ Kg7 42. Rd7 Qb8 43. Nh5+ gxh5 44. Qxf7+ 1-0

[Event "Polanica Zdroj op-C 45th"]
[Site "Polanica Zdroj"]
[Date "2009.08.19"]
[Round "2"]
[White "Graczyk, Natalia"]
[Black "Obrzud, Damian"]
[Result "0-1"]
[WhiteElo "1675"]
[BlackElo "1854"]
[PlyCount "92"]
[EventDate "2009.08.18"]
[EventType "swiss"]
[EventRounds "9"]
[EventCountry "POL"]
[SourceTitle "CBM 132 Extra"]
[Source "ChessBase"]
[SourceDate "2009.11.03"]
[SourceVersion "1"]
[SourceVersionDate "2009.11.03"]
[SourceQuality "1"]

1. e4 c5 2. Nf3 a6 3. d4 cxd4 4. Nxd4 Nf6 5. Nc3 e5 6. Nb3 Bb4 7. f3 Bxc3+ 8. bxc3 0-0 9. Ba3 Re8 10. Bd6 Nxe4 11. fxe4 Qh4+ 12. Kd2 Qf4+ 13. Kd3 Re6 14. Ba3 d5 15. Qf3 dxe4+ 16. Qxe4 Rd6+ 17. Bxd6 Bf5 18. Re1 Bxe4+ 19. Rxe4 Qf5 20. Ke3 Nd7 21. Bd3 Qf6 22. Ba3 Qg5+ 23. Kf2 Nf6 24. Re2 Qf4+ 25. Ke1 e4 26. g3 Qc7 27. Kd2 exd3 28. cxd3 Rc8 29. Bb2 b5 30. Rf1 a5 31. Ref2 a4 32. Nd4 a3 33. Ba1 Qb7 34. Nf5 Rd8 35. Nd4 Qd5 36. Kc1 Ng4 37. Re2 Qg5+ 38. Rf4 Ne5 39. Kc2 f6 40. Ne6 Qg6 41. Rd4 Rxd4 42. Nxd4 Qxd3+ 43. Kc1 Nc4 44. Re8+ Kf7 45. Re2 h5 46. Rf2 Ne3 0-1

[Event "Polanica Zdroj op-C 45th"]
[Site "Polanica Zdroj"]
[Date "2009.08.18"]
[Round "1"]
[White "Obrzud, Damian"]
[Black "Rosicki, Marcin"]
[Result "1-0"]
[WhiteElo "1854"]
[BlackElo "1534"]
[PlyCount "89"]
[EventDate "2009.08.18"]
[EventType "swiss"]
[EventRounds "9"]
[EventCountry "POL"]
[SourceTitle "CBM 132 Extra"]
[Source "ChessBase"]
[SourceDate "2009.11.03"]
[SourceVersion "1"]
[SourceVersionDate "2009.11.03"]
[SourceQuality "1"]

1. d4 Nf6 2. c4 c5 3. d5 b5 4. e3 d6 5. cxb5 a6 6. Nc3 axb5 7. Bxb5+ Bd7 8. Bc4 g6 9. Nge2 Bg7 10. 0-0 0-0 11. Ng3 Qb6 12. h3 e6 13. Qb3 Qxb3 14. Bxb3 Nxd5 15. Nxd5 exd5 16. Bxd5 Bc6 17. Rd1 Rd8 18. Ne4 Ra6 19. a3 Bxd5 20. Rxd5 Nc6 21. Rb1 f5 22. Ng5 Ne7 23. Rd1 Rb8 24. b4 cxb4 25. axb4 Rab6 26. Ba3 Bf6 27. Ne6 Kf7 28. Nc7 R8b7 29. Nd5 Nxd5 30. Rxd5 Ke6 31. Rbd1 Be7 32. g4 Rb5 33. gxf5+ gxf5 34. R5d4 Rc7 35. e4 f4 36. Bc1 Rg5+ 37. Kf1 Rc6 38. Bxf4 Rb5 39. Bd2 Bf6 40. Rd3 Re5 41. Bc3 Rxe4 42. Bxf6 Kxf6 43. Rxd6+ Rxd6 44. Rxd6+ Ke5 45. Rd7 1-0